Principles of auditing / (Record no. 22690)
[ view plain ]
| 000 -LEADER | |
|---|---|
| fixed length control field | 02232cam a22003135a 4500 |
| 001 - CONTROL NUMBER | |
| control field | 2597690 |
| 005 - DATE AND TIME OF LATEST TRANSACTION | |
| control field | 20201128023912.0 |
| 008 - FIXED-LENGTH DATA ELEMENTS--GENERAL INFORMATION | |
| fixed length control field | 970508s2016 njuad frb 001 0 eng d |
| 010 ## - LIBRARY OF CONGRESS CONTROL NUMBER | |
| LC control number | 97019641 |
| 020 ## - INTERNATIONAL STANDARD BOOK NUMBER | |
| International Standard Book Number | 1259252779 |
| 020 ## - INTERNATIONAL STANDARD BOOK NUMBER | |
| International Standard Book Number | 9781259252778 |
| 040 ## - CATALOGING SOURCE | |
| Original cataloging agency | DLC |
| Language of cataloging | eng |
| Transcribing agency | DLC |
| Modifying agency | EG-ScBUE |
| 082 04 - DEWEY DECIMAL CLASSIFICATION NUMBER | |
| Edition number | 22 |
| Classification number | 657.45 |
| Item number | WHI |
| 100 1# - MAIN ENTRY--PERSONAL NAME | |
| Personal name | Whittington, Ray, |
| Dates associated with a name | 1948- |
| 9 (RLIN) | 41574 |
| 245 10 - TITLE STATEMENT | |
| Title | Principles of auditing / |
| Statement of responsibility, etc | O. Ray Whittington, Kurt Pany. |
| 250 ## - EDITION STATEMENT | |
| Edition statement | 20th ed., International student ed. |
| 260 ## - PUBLICATION, DISTRIBUTION, ETC. (IMPRINT) | |
| Place of publication, distribution, etc | New York : |
| Name of publisher, distributor, etc | McGraw-Hill Education, |
| Date of publication, distribution, etc | 2016. |
| 300 ## - PHYSICAL DESCRIPTION | |
| Extent | xxix, 845 p. : |
| Other physical details | ill., tables, charts; |
| Dimensions | 24 cm. |
| 500 ## - GENERAL NOTE | |
| General note | Index : p. 825-845. |
| 504 ## - BIBLIOGRAPHY, ETC. NOTE | |
| Bibliography, etc | Includes bibliographical references. |
| 505 ## - FORMATTED CONTENTS NOTE | |
| Formatted contents note | Chapter 1: The Role of the Public Accountant in the American Economy -- Chapter 2: Professional Standards -- Chapter 3: Professional Ethics -- Chapter 4: Legal Liability of CPAs -- Chapter 5: Audit Evidence and Documentation -- Chapter 6: Audit Planning, Understanding the Client, Assessing Risks, and Responding -- Chapter 7: Internal Control -- Chapter 8: Consideration of Internal Control in an Information Technology Environment -- Chapter 9: Audit Sampling Appendix A Probability-Proportion-to-Size Sampling -- Chapter 10: Cash and Financial Investments -- Chapter 11: Accounts Receivable, Notes Receivable, and Revenue -- Chapter 12: Inventories and Cost of Goods Sold -- Chapter 13: Property, Plant, and Equipment: Depreciation and Depletion -- Chapter 14: Accounts Payable and Other Liabilities -- Chapter 15: Debt and Equity Capital -- Chapter 16: Auditing Operations and Completing the Audit -- Chapter 17: Auditors' Report -- Chapter 18: Integrated Audits of Public Companies -- Chapter 19: Additional Assurance Services: Historical Financial Information -- Chapter 20: Additional Assurance Services: Other Information -- Chapter 21: Internal, Operational, and Compliance Auditing. |
| 590 ## - LOCAL NOTE (RLIN) | |
| Local note | Wessam |
| 650 #7 - SUBJECT ADDED ENTRY--TOPICAL TERM | |
| Topical term or geographic name as entry element | Auditing. |
| Source of heading or term | BUEsh |
| 9 (RLIN) | 1182 |
| 651 ## - SUBJECT ADDED ENTRY--GEOGRAPHIC NAME | |
| Source of heading or term | BUEsh |
| 653 ## - INDEX TERM--UNCONTROLLED | |
| Resource For college | BAEPS, Business Administration |
| Arrived date list | October2016 |
| 700 1# - ADDED ENTRY--PERSONAL NAME | |
| Personal name | Pany, Kurt. |
| 9 (RLIN) | 1350 |
| 856 ## - ELECTRONIC LOCATION AND ACCESS | |
| Uniform Resource Identifier | <a href="http://highered.mheducation.com/sites/0077729145/information_center_view0/index.html">http://highered.mheducation.com/sites/0077729145/information_center_view0/index.html</a> |
| Link text | Student and instructor support |
| 942 ## - ADDED ENTRY ELEMENTS (KOHA) | |
| Source of classification or shelving scheme | Dewey Decimal Classification |
| Edition | 22 |
| Call number prefix | 657.45 WHI |
| Withdrawn status | Item status | Source of classification or shelving scheme | Damaged status | Not for loan | Vendor | Home library | Current library | Shelving location | Date acquired | Source of acquisition | Cost, normal purchase price | Serial Enumeration / chronology | Total Checkouts | Full call number | Barcode | Date last seen | Cost, replacement price | Koha item type |
|---|---|---|---|---|---|---|---|---|---|---|---|---|---|---|---|---|---|---|
| Dewey Decimal Classification | Academic Bookshop | Central Library | Central Library | First floor | 18/10/2016 | Purchase | 588.00 | 9154 | 657.45 WHI | 000033941 | 15/07/2025 | 735.00 | Book - Borrowing |